Statystyki dla Kształty Stanów USA #2

Kliknij tutaj aby rozwiązać quiz!

Ogólne statystyki

  • Ten quiz został rozwiązany 83 razy
  • Średni wynik to 12 z 25

Statystyki odpowiedzi

Odpowiedź% Poprawnych
Alaska
98%
Kalifornia
95%
Michigan
84%
Idaho
80%
Oklahoma
73%
Luizjana
65%
Nowy Jork
65%
New Jersey
53%
Karolina Północna
45%
New Hampshire
45%
Wisconsin
45%
Wyoming
45%
Nebraska
42%
Wirginia Zachodnia
42%
Dakota Południowa
40%
Maine
38%
Ohio
36%
Mississippi
33%
Kansas
29%
Karolina Południowa
27%
Georgia
20%
Dakota Północna
18%
Iowa
18%
Connecticut
15%
Oregon
15%

Rozkład punktacji

Percentyl według liczby udzielonych odpowiedzi

Procent ludzi z każdym wynikiem

Twoja historia wyników

Nie rozwiązałeś tego quizu